[Event "86th UKR-ch Men 2017"]
[Site "Zhytomyr"]
[Date "2017.12.06"]
[Round "1"]
[White "Onischuk, Vladimir"]
[Black "Grinev, Valeriy"]
[Result "1-0"]
[WhiteElo "2637"]
[BlackElo "2409"]
[Annotator "TA"]
[PlyCount "65"]
[EventDate "2017.??.??"]
[EventType "tourn"]
[EventCountry "UKR"]
[SourceTitle "playchess.com"]
[Source "ChessBase"]
[SourceQuality "1"]

{[%evp 20,65,0,0,0,0,21,13,28,14,28,9,28,19,64,59,68,35,68,59,66,57,54,53,56,43,60,47,30,32,52,45,52,56,59,0,72,62,54,51,49,49,278,260,535,533,614,611]} 1. Nf3 Nf6 2. g3 g6 3. Bg2 Bg7 4. O-O O-O 5. Re1 d5 6. d3 Nc6 7. Nbd2 e5 8. e4 Re8 9. c3 {A07: Barcza-System (Königsfianchetto mit möglichen Übergängen in andere Systeme)} a5 10. Qc2 (10. b3 h6 11. Bb2 Be6 12. a3 dxe4 13. dxe4 Nd7 14. b4 Nb6 15. Bf1 axb4 16. axb4 Qe7 {½-½ (73) Harikrishna,P (2685)-Gagunashvili,M (2578) Istanbul 2012}) 10... h6 11. b3 {LiveBook: 9 Partien. Die Stellung ist ausgeglichen.} Bg4 12. a3 {[%cal Ba2a3,Ba3b4][%mdl 32]} Qd7 13. Bb2 $146 ({Vorgänger:} 13. exd5 Nxd5 14. Bb2 Rad8 15. Rad1 Qf5 16. c4 Ndb4 17. axb4 Nxb4 {0-1 (58) Paragua,M (2268)-Iordachescu,V (2553) Linares 2000}) 13... Rad8 14. b4 {Schwarz sollte exd5 verhindern.} dxe4 15. dxe4 Nh7 16. Nc4 {[%cal Bd2c4,Bc4e3,Be3d5][%mdl 32]} axb4 17. axb4 Be6 18. Ne3 Ne7 19. Rad1 Qc8 20. Rxd8 Rxd8 21. c4 {[%cal Bc3c4,Bc4c5][%mdl 32]} f6 22. Nd5 Re8 23. Nh4 Bf7 24. Rd1 c6 25. Nb6 Qc7 26. c5 $36 {[%mdl 2048] Weiss hat Druck.} Rd8 27. Bh3 (27. Bf1 $14) 27... Nf8 (27... Rxd1+ $11 28. Qxd1 Ng5) 28. Rd3 Ne6 29. Qd1 {[#] Und Lxe6 würde nun gewinnen.} Rxd3 30. Qxd3 {Dd6 ist eine echte Drohung.} Kf8 $2 (30... g5 $14) 31. Qd6 $18 f5 $2 {[#]} (31... Qxd6 32. cxd6 Ng8 33. Nd7+ Ke8) 32. Nxg6+ $1 {[%mdl 512]} Bxg6 33. Qxe6 {Precision: Weiß = 69%, Schwarz = 34%.} 1-0

[Event "86th UKR-ch Men 2017"]
[Site "Zhytomyr"]
[Date "2017.12.06"]
[Round "1"]
[White "Vovk, Andriy"]
[Black "Golubka, Petro"]
[Result "0-1"]
[WhiteElo "2634"]
[BlackElo "2475"]
[Annotator "TA"]
[PlyCount "104"]
[EventDate "2017.??.??"]
[EventType "tourn"]
[EventCountry "UKR"]
[SourceTitle "playchess.com"]
[Source "ChessBase"]
[SourceQuality "1"]

{[%evp 20,104,32,18,45,43,62,60,58,60,91,74,90,64,69,76,53,33,41,49,43,36,26,54,152,170,162,152,169,203,137,118,243,245,244,241,200,51,104,110,116,111,112,83,94,0,0,0,0,-106,-108,-177,-170,-169,-170,-239,-241,-241,-238,-272,-273,-273,-268,-273,-268,-286,-264,-356,-352,-493,-493,-473,-469,-519,-524,-508,-468,-491,-467,-679,-665,-1312,-1286,-1331,-1269,-1275,-1162]} 1. e4 c5 2. Nf3 d6 3. d4 cxd4 4. Nxd4 Nf6 5. Nc3 a6 6. Be3 e5 7. Nb3 Be6 8. Qd2 Nbd7 9. O-O-O {B90: Sicilian Najdorf: Unusual White 6th moves, 6 Be3 Ng4 and 6 Be3 e5} Rc8 (9... Be7 10. f4 b5 11. Kb1 Qc7 12. h3 Nb6 13. Bxb6 Qxb6 14. Bd3 exf4 15. Qxf4 O-O 16. Nd5 Bxd5 17. exd5 {½-½ (39) Wei,Y (2728)-Areshchenko,A (2649) Khanty-Mansiysk 2017}) 10. f4 Be7 11. Kb1 {LiveBook: 11 Games. White is slightly better.} O-O 12. f5 Bxb3 13. axb3 b5 14. Be2 Nb6 $146 ({Predecessor:} 14... Qc7 15. Bf3 b4 16. Na4 Rfd8 {½-½ (43) David Bordier,C (2169)-Svalander,F (2105) ICCF email 2013}) 15. g4 {Threatens to win with Bxb6.} b4 16. Nd5 Nbxd5 17. exd5 {aiming for g5.} Qc7 18. Bf3 e4 $1 {[%cal Re4f3]} 19. Be2 $1 Nxd5 20. Bc4 Nxe3 21. Qxe3 Bf6 (21... a5 $14) 22. g5 $1 $16 {[%cal Rg5f6]} Be5 23. Qxe4 Kh8 24. f6 (24. Bxa6 Ra8 $11) 24... g6 25. Rhe1 {[%cal Bh1e1,Be1e3,Be3h3][%mdl 32]} ({But not} 25. Bxa6 $6 Ra8 $11) 25... a5 (25... h5 $16) 26. Re3 $1 $18 Qb6 27. Rh3 $1 {[%cal Rh3h7] Threatening mate with Rxh7+!} Qf2 {[#]} 28. Rf1 (28. Qg4 $1 $18) 28... Rxc4 (28... Qd4 $14 29. Qxd4 Bxd4) 29. Qxc4 $16 (29. Rxf2 $2 {too greedy.} Rxe4 30. Rg2 Re1+ 31. Ka2 Rc8 $19) 29... Qg2 30. Rhf3 {And now h4 would win.} Qxg5 31. Qd5 Qg2 32. Rd1 ({Don't play} 32. Qxa5 $6 Rc8 $11) ({White should play} 32. Qd1 $16) 32... Qxh2 $11 33. Qe4 Rc8 34. Re3 (34. Rff1 $11 {keeps the balance.}) 34... Bxf6 $40 {[%mdl 128] Black has strong attack.} 35. Qd3 (35. Rh1 $17 Qe5 {[#]} 36. Rxh7+ $1 {[%mdl 512]} Kxh7 37. Qh1+ Kg7 38. Rxe5 Bxe5 39. Qf3) 35... Be5 $19 36. Rh3 Qg2 37. Rh6 (37. Rhh1 {was worth a try.}) 37... Kg7 38. Rdh1 Rh8 39. Qb5 Bf4 40. R6h4 h5 41. Rf1 Be5 42. Qc4 Rf8 43. Rhh1 Qg4 44. Rd1 (44. Qd5 $142 Qd4 45. Qxd4 Bxd4 46. Rd1) 44... Qxc4 {Black is clearly winning.} 45. bxc4 {[%mdl 4096] Endgame KRR-KRB} Rc8 46. b3 Rc5 47. Rd3 f5 48. Kc1 Kh6 49. Kd2 (49. Rdh3 $142 d5 50. cxd5 Rxd5 51. Kb1) 49... g5 {[%cal Bg6g5,Bg5g4][%mdl 32]} 50. Ke2 g4 51. Rhd1 Kg5 52. Rd5 h4 {Precision: White = 36%, Black = 70%.} 0-1

[Event "86th UKR-ch Men 2017"]
[Site "Zhytomyr"]
[Date "2017.12.06"]
[Round "1"]
[White "Kovchan, Alexander"]
[Black "Vypkhaniuk, Ihor"]
[Result "1-0"]
[WhiteElo "2592"]
[BlackElo "2336"]
[Annotator "TA"]
[PlyCount "141"]
[EventDate "2017.??.??"]
[EventType "tourn"]
[EventCountry "UKR"]
[SourceTitle "playchess.com"]
[Source "ChessBase"]
[SourceQuality "1"]

{[%evp 23,141,19,37,38,45,38,26,26,36,39,43,43,54,40,70,40,69,64,64,41,69,75,93,67,60,48,55,51,75,40,57,37,35,33,39,20,20,23,31,26,42,42,39,38,42,38,38,38,38,38,42,27,70,77,69,42,42,42,42,53,58,42,42,42,42,0,0,0,39,39,61,62,68,68,67,66,81,81,233,182,177,97,282,277,247,239,408,399,470,467,434,383,574,543,550,531,439,355,756,735,735,701,689,682,606,606,1442,1442,1384,1173,29988,29977,29984,29985,29985,29986,29983,29979,29986,29987]} 1. e4 c5 2. Nf3 Nc6 3. d4 cxd4 4. Nxd4 e5 5. Nb5 {[%cal Bd4b5,Bb5a3,Ba3c4][%mdl 32]} d6 6. N1c3 a6 7. Na3 Be7 8. Nc4 b5 {B32: Sicilian: Löwenthal and Kalashnikov Variations} 9. Ne3 Nf6 10. Bd3 (10. g3 O-O 11. Bg2 b4 12. Ncd5 Nxd5 13. Nxd5 Bg5 14. Bxg5 Qxg5 15. O-O Be6 16. Nc7 {½-½ (34) Morozevich,A (2711)-Moiseenko,A (2692) Berlin 2015}) 10... O-O 11. Ncd5 Nxd5 12. Nxd5 Bg5 {LiveBook: 4 Games} 13. Bxg5 Qxg5 14. O-O Rb8 15. c3 {[#]} Qd8 $146 ({Predecessor:} 15... Bh3 16. Ne3 {½-½ (37) Robson,N (2602)-Timson,P (2506) ICCF email 2014}) 16. Ne3 Ne7 17. Qe2 Bb7 18. a4 Qb6 19. b4 Bc6 20. axb5 axb5 21. Ra5 Ra8 22. Rfa1 Rxa5 23. Rxa5 {[%cal Rd3b5]} Rb8 24. Qa2 Qd8 25. Ra7 g6 26. Qa5 {And now Qxd8+ would win.} Kf8 $1 27. f3 d5 28. exd5 Nxd5 29. Nxd5 Qxd5 30. Qa2 Qxa2 31. Rxa2 $11 {[%mdl 4096] Endgame KRB-KRB} Ke7 32. Ra7+ Bd7 33. Kf2 Kd6 34. Ra6+ Ke7 35. Ke3 Rc8 36. Kd2 Rb8 37. g4 Be6 38. Ra7+ Kd6 39. h4 h6 40. Ra5 Bd7 $1 41. Ra6+ Ke7 42. Ra7 Kd6 43. Be4 Be6 44. g5 hxg5 45. hxg5 Bc4 46. Ke3 Be6 47. Ra6+ Ke7 48. Bc6 Bf5 $1 49. Bd5 Rc8 50. Rc6 Rd8 $2 (50... Rb8 $16) 51. Rc5 Bd7 {[#]} 52. Bc6 (52. Bb3 $1 $18) 52... Bxc6 $2 (52... Rc8 $16 {is a better defense.} 53. Rxe5+ Kd6 54. Bxd7 Rxc3+ 55. Kf4 (55. Kd2 Rxf3 56. Bg4 Rf4 $11) 55... Kxd7) 53. Rxc6 $16 {KR-KR} Rd1 54. Rc5 Kd6 $2 (54... Ke6 {was called for.} 55. Rxb5 Re1+ 56. Kf2 Rc1) 55. Rxb5 $18 Rc1 56. Kd3 Rg1 57. Rb6+ Ke7 (57... Kd7 {was necessary.} 58. Rf6 Ke7) 58. Ke4 Rxg5 59. b5 Rf5 60. Rc6 Rf4+ $2 (60... Kd7 61. c4 f6) 61. Kd5 Rxf3 62. b6 Rd3+ 63. Kxe5 {Threatens to win with b7.} f6+ 64. Ke4 ({Stronger than} 64. Rxf6 Rxc3 65. Rxg6 Kd7 $11) 64... Rd6 {[#]} 65. b7 $1 {[%mdl 512] White threatens Rxd6 and mate.} Rxc6 66. b8=Q {Threatening mate with Kd5.} Kd7 67. Qb7+ {White mates.} Kd6 68. Kd4 Rc7 69. Qb6+ Kd7 70. Qxf6 Rc6 71. Qf7+ {Precision: White = 69%, Black = 39%.} 1-0

[Event "86th UKR-ch Men 2017"]
[Site "Zhytomyr"]
[Date "2017.12.06"]
[Round "1"]
[White "Bernadskiy, Vitaliy"]
[Black "Oleksiyenko, Mykhaylo"]
[Result "1/2-1/2"]
[WhiteElo "2583"]
[BlackElo "2615"]
[Annotator "TA"]
[PlyCount "68"]
[EventDate "2017.??.??"]
[EventType "tourn"]
[EventCountry "UKR"]
[SourceTitle "playchess.com"]
[Source "ChessBase"]
[SourceQuality "1"]

{[%evp 11,68,18,15,-4,-6,-1,-3,-8,-4,-5,-5,-5,-8,-3,-1,-28,-27,-21,-20,-26,0,-12,-12,-16,-25,-29,-21,-18,-22,-18,-25,-19,0,-88,-8,-14,0,0,0,-30,-19,-32,-11,-7,0,0,0,0,0,0,0,0,0,0,66,0,0,0,0]} 1. e4 e5 2. Nf3 Nc6 3. Bb5 Nf6 4. d3 Bc5 5. c3 O-O 6. Nbd2 {C65: Ruy Lopez: Berlin Defence (3...Nf6), unusual lines and 4 0-0 Bc5} (6. O-O Re8 7. Bg5 a6 8. Bc4 h6 9. Bh4 d6 10. Nbd2 Ba7 11. a4 Be6 12. Re1 Bxc4 13. Nxc4 Re6 {1-0 (73) Caruana,F (2802)-Nakamura,H (2786) chess.com INT 2017}) 6... d6 {LiveBook: 43 Games} 7. Bxc6 bxc6 8. O-O a5 $146 ({Predecessor:} 8... Re8 9. Qa4 Bd7 10. Re1 Bb6 11. h3 h6 12. Nf1 Nh5 13. Qd1 Qf6 14. d4 exd4 15. cxd4 {0-1 (43) Valmana Canto,J (2431)-Ladron de Guevara Pinto,P (2348) Roquetas de Mar 2016}) 9. Qc2 Re8 10. d4 exd4 11. cxd4 Bb6 12. Re1 c5 13. d5 Bg4 14. b3 {[#]} a4 $1 {[%mdl 512] With the idea ...axb3.} 15. Bb2 (15. bxa4 Bxf3) 15... Ba5 16. Re3 a3 $36 {[%mdl 2048] Black has good play.} 17. Bc3 Bxc3 18. Rxc3 Bh5 19. Re3 Bg6 {Hoping for ...Nxd5!} 20. Qd3 c6 21. dxc6 d5 22. Nh4 {[#]} (22. Ree1 $11 {keeps the balance.}) 22... Bxe4 (22... Ng4 $1 $17 23. Nxg6 Nxe3 24. fxe3 dxe4 25. Qxd8 Raxd8) 23. Nxe4 $11 dxe4 24. Qxd8 Raxd8 25. Nf5 g6 26. Ng3 Rc8 (26... Re6 {is interesting.} 27. Kf1 Rxc6 28. Nxe4 Ng4 29. Re2 Nxh2+ 30. Ke1 Ng4) 27. Rae1 {[%cal Rg3e4]} Rxc6 28. Nxe4 Rxe4 29. Rxe4 Nxe4 30. Rxe4 {KR-KR} Rd6 {( -> ...Rd1+)} 31. Kf1 Rd2 32. Re2 Rd1+ 33. Re1 Rd2 34. Re2 Rd1+ {Precision: White = 65%, Black = 77%.} 1/2-1/2

[Event "86th UKR-ch Men 2017"]
[Site "Zhytomyr"]
[Date "2017.12.06"]
[Round "1"]
[White "Shevchenko, Kirill"]
[Black "Gasanov, Eldar"]
[Result "1/2-1/2"]
[WhiteElo "2547"]
[BlackElo "2488"]
[Annotator "TA"]
[PlyCount "75"]
[EventDate "2017.??.??"]
[EventType "tourn"]
[EventCountry "UKR"]
[SourceTitle "playchess.com"]
[Source "ChessBase"]
[SourceQuality "1"]

{[%evp 16,75,35,25,39,27,64,54,68,64,44,23,24,20,36,16,19,0,0,-8,4,0,0,0,7,-11,-15,-8,-6,-31,-23,-17,0,-3,-5,-12,-13,-20,-11,-7,-5,-18,-27,-25,-14,-94,-100,-131,-34,-87,-90,-75,-78,-88,-72,-76,-13,-14,0,0,0,0]} 1. e4 Nc6 2. Nf3 d6 3. d4 Nf6 4. Nc3 g6 5. d5 Nb8 6. Be2 Bg7 7. O-O O-O 8. h3 c6 9. a4 {LiveBook: 15 Games. B08: Pirc Defence: Classical System} (9. Bg5 h6 10. Be3 Nbd7 11. Qd2 Kh7 12. Rfe1 Qc7 13. Bf1 a6 14. a4 b6 15. Bd4 Bb7 16. Rad1 Rad8 {½-½ (51) Matlakov,M (2676)-Mamedyarov,S (2775) Tromsoe 2013}) 9... b6 10. Bg5 h6 11. Be3 {White is slightly better.} Bb7 12. Qd2 Kh7 13. Bc4 $146 ({Predecessor:} 13. Nd4 Qc8 14. Nb3 Na6 15. a5 cxd5 16. exd5 Nc7 {0-1 (36) Raja,H (2334)-Zubov,A (2604) Zalakaros 2017}) 13... Nbd7 14. Rfe1 Rc8 15. Bd4 Qc7 16. dxc6 Bxc6 17. Ba6 Bb7 18. Bxb7 Qxb7 19. Rad1 Rfd8 20. Qe2 e5 21. Be3 Nxe4 22. Nxe4 Qxe4 23. Rxd6 Nf8 (23... Rxc2 $2 24. Qd1 $18) 24. Rxd8 Rxd8 {[%cal Bc8d8,Bd8d7,Bd7b7][%mdl 32]} 25. Qa6 {aiming for Bg5.} Qxc2 {...e4 is the strong threat.} 26. Qxa7 e4 $36 {[%mdl 2048] And now ...Rd7 would win. Black has good play.} 27. Nh2 ({Avoid the trap} 27. Qxb6 $2 Rd1 $19) ({Not} 27. Bxb6 $2 Rd7 $19) 27... Rd7 $1 {[%cal Rd7a7]} 28. Qxb6 Qxa4 29. b3 Qa2 30. Ng4 (30. b4 $11 {keeps the balance.}) 30... Qb2 $1 $17 31. Qb8 {[#]} Ne6 (31... f5 $1 $17 {[%cal Rf5g4]} 32. Nh2 (32. Nxh6 $2 Qf6 $19) 32... Rd3) 32. Qe8 (32. Qb5 $1 $15 Rc7 33. Qb8) 32... Rb7 33. Rc1 h5 34. Rc8 {[%csl Gc8][%cal Re8g8]} Nf8 35. Nh2 {[#]} Qxb3 ({Black should try} 35... f5 $1 $17) 36. Qxe4 $11 {The position is equal.} Qb1+ 37. Qxb1 Rxb1+ 38. Rc1 {Precision: White = 44%, Black = 53%.} 1/2-1/2

[Event "86th UKR-ch Men 2017"]
[Site "Zhytomyr"]
[Date "2017.12.06"]
[Round "1"]
[White "Neverov, Valeriy"]
[Black "Frolov, Artur"]
[Result "1-0"]
[WhiteElo "2496"]
[BlackElo "2416"]
[Annotator "TA"]
[PlyCount "61"]
[EventDate "2017.??.??"]
[EventType "tourn"]
[EventCountry "UKR"]
[SourceTitle "playchess.com"]
[Source "ChessBase"]
[SourceQuality "1"]

{[%evp 18,61,28,22,60,31,47,43,59,37,52,61,136,137,158,131,177,139,137,139,268,245,379,376,502,513,493,414,499,410,622,595,663,663,663,663,663,663,659,658,658,655,663,663,29998,29999]} 1. d4 Nf6 2. c4 g6 3. Nc3 Bg7 4. e4 d6 5. f3 a6 6. Bg5 c6 7. Bd3 Nbd7 8. Nge2 b5 9. O-O O-O 10. Qd2 {LiveBook: 24 Partien} Rb8 {E81: Königsindisch (Sämisch-Angriff)} (10... e5 11. d5 bxc4 12. Bxc4 Nb6 13. Bb3 c5 14. a4 Rb8 15. Rfb1 Qc7 16. Kh1 Nh5 17. g4 Nd7 18. Bd1 {0-1 (40) Short,N (2665)-Hillarp Persson,T (2549) Tromsoe 2014}) 11. Kh1 bxc4 $146 ({Vorgänger:} 11... Nb6 12. b3 Nfd7 13. cxb5 axb5 14. Nd1 Na8 15. Rc1 Bb7 16. Nf2 Nc7 17. Ng4 Ne6 18. Bh6 {1-0 (74) Florescu,C (2261)-Vavric,P (2194) Timisoara 2009}) 12. Bxc4 c5 {Weiß steht etwas besser.} 13. Rad1 Qb6 14. b3 Qb7 {[#]} (14... cxd4 $14 15. Nxd4 (15. Qxd4 Bb7 $11) 15... Bb7) 15. Nd5 $1 $16 {[%cal Rd5e7]} Re8 16. dxc5 dxc5 17. Bf4 $36 {[%mdl 2048] Sc7 ist eine echte Drohung. Läuft bei Weiss.} e5 18. Be3 Bf8 (18... Nxd5 $16 19. Bxd5 Qc7) 19. Nec3 $18 Nh5 (19... Nxd5 $142 20. Nxd5 Qc6) 20. f4 exf4 21. Nxf4 Nhf6 22. Nd3 Qc6 23. e5 Nxe5 (23... Rxe5 $142 24. Bxf7+ Kxf7) 24. Nxe5 Rxe5 25. Bf4 Qe8 26. Bxe5 Qxe5 27. Rde1 Qd4 28. Qxd4 cxd4 29. Rxf6 dxc3 30. Rxf7 Rb4 31. Re8 {Precision: Weiß = 81%, Schwarz = 21%.} 1-0

[Event "86th UKR-ch Men 2017"]
[Site "Zhytomyr"]
[Date "2017.12.07"]
[Round "2"]
[White "Onischuk, Vladimir"]
[Black "Kovchan, Alexander"]
[Result "1/2-1/2"]
[WhiteElo "2637"]
[BlackElo "2592"]
[Annotator "TA"]
[PlyCount "24"]
[EventDate "2017.??.??"]
[EventType "tourn"]
[EventCountry "UKR"]
[SourceTitle "playchess.com"]
[Source "ChessBase"]
[SourceQuality "1"]

{[%evp 19,23,5,4,16,14,2]} 1. e4 c5 2. Nf3 d6 3. Bb5+ Nd7 4. O-O a6 5. Bd3 Ngf6 6. c3 {B51: Sicilian: Moscow Variation (3 Bb5+) without 3...Bd7} b5 (6... g6 7. Re1 Bg7 8. Bf1 b5 9. d4 cxd4 10. cxd4 Bb7 11. e5 dxe5 12. dxe5 Nd5 13. e6 fxe6 14. Ng5 Nc5 15. Qf3 Rf8 16. Qh3 {½-½ (40) Navara,D (2737)-Nepomniachtchi,I (2751) Saint Louis 2017}) 7. Bc2 Bb7 8. Re1 c4 9. b4 e5 10. a4 Be7 {LiveBook: 3 Games} 11. d4 cxd3 12. Bxd3 {Predecessor:} O-O $146 1/2-1/2

[Event "86th UKR-ch Men 2017"]
[Site "Zhytomyr"]
[Date "2017.12.07"]
[Round "2"]
[White "Oleksiyenko, Mykhaylo"]
[Black "Vovk, Andriy"]
[Result "1/2-1/2"]
[WhiteElo "2615"]
[BlackElo "2634"]
[Annotator "TA"]
[PlyCount "51"]
[EventDate "2017.??.??"]
[EventType "tourn"]
[EventCountry "UKR"]
[SourceTitle "playchess.com"]
[Source "ChessBase"]
[SourceQuality "1"]

{[%evp 18,51,32,18,45,45,43,20,47,1,50,26,41,45,29,0,58,58,51,52,44,47,32,14,31,36,39,28,42,40,32,16,33,0,6,0]} 1. e4 c5 2. Nf3 d6 3. d4 Nf6 4. Nc3 cxd4 5. Nxd4 Nc6 6. f3 e5 7. Nb3 Be7 8. Be3 Be6 9. Qe2 {B56: Classical Sicilian: Unusual Lines} (9. Nd5 Bxd5 10. exd5 Nb4 11. c4 a5 12. Be2 Na6 13. Nd2 O-O 14. Nb1 Nd7 15. Qd2 f5 16. Nc3 Bh4+ 17. g3 f4 18. Bf2 Bg5 {½-½ (47) Caruana,F (2807)-Vachier Lagrave,M (2819) Saint Louis 2016}) 9... O-O 10. O-O-O {LiveBook: 22 Games} Qc8 11. g4 {[%cal Bg2g4,Bg4g5][%mdl 32] White is slightly better.} a5 {[#] And now ...a4 would win.} 12. g5 Ne8 $146 ({Predecessor:} 12... Nd7 13. Qb5 a4 14. Nxa4 Qc7 15. Nc3 Rfc8 16. a3 Na5 {½-½ (88) Buessing,T-Boerner,S (2105) GER email 2012}) 13. Na4 {Black should prevent Nb6.} Qc7 14. Kb1 b5 $1 {[%cal Rb5a4]} 15. Qxb5 Nb4 16. c3 {[#] Strongly threatening Nb6.} Bd7 (16... Nxa2 $1 $11 17. Kxa2 Bd7) 17. Qb6 $14 Bxa4 18. cxb4 Qxb6 19. Bxb6 axb4 20. Rg1 Rb8 21. Ba7 Rc8 22. Bh3 Ra8 23. Be3 Nc7 24. Rc1 Ne6 25. Nd2 Bb5 26. Bf1 {Precision: White = 54%, Black = 48%.} 1/2-1/2

[Event "86th UKR-ch Men 2017"]
[Site "Zhytomyr"]
[Date "2017.12.07"]
[Round "2"]
[White "Golubka, Petro"]
[Black "Neverov, Valeriy"]
[Result "1-0"]
[WhiteElo "2475"]
[BlackElo "2496"]
[Annotator "TA"]
[PlyCount "115"]
[EventDate "2017.??.??"]
[EventType "tourn"]
[EventCountry "UKR"]
[SourceTitle "playchess.com"]
[Source "ChessBase"]
[SourceQuality "1"]

{[%evp 24,115,28,24,45,-14,-7,-10,0,-30,-30,-20,22,23,24,22,58,22,22,5,4,-3,0,0,0,0,0,0,0,0,0,13,9,14,34,17,28,27,49,47,66,55,71,77,76,71,71,71,71,71,75,71,78,78,78,78,78,78,78,78,78,78,88,57,71,71,251,71,304,205,233,106,124,102,83,1,272,274,285,240,471,473,448,446,383,410,593,594,565,533,695,709,6297,6297]} 1. e4 e5 2. Nf3 Nc6 3. Bb5 a6 4. Ba4 Nf6 5. O-O Be7 6. Re1 b5 7. Bb3 d6 8. c3 O-O 9. h3 Nb8 10. d4 Nbd7 11. Nbd2 Bb7 12. Bc2 Re8 13. b3 {[#] LiveBook: 139 Partien. C95: Spanische Partie (Breyer-Variante)} Rb8 $146 ({Vorgänger:} 13... Bf8 14. Bb2 g6 15. a4 Nh5 16. Bd3 Nf4 17. Bf1 c6 18. Qc2 Qc7 19. axb5 axb5 20. Rxa8 Bxa8 21. b4 Bg7 22. Nb3 Ne6 {0-1 (65) Aryan,C (2507)-Amin,B (2680) Abu Dhabi 2017}) 14. d5 (14. Bb2 $14) 14... c6 $11 15. c4 {Die Stellung ist ausgeglichen.} Qc7 {[%cal Rc6d5]} 16. Ba3 Rec8 {[%cal Rc6d5]} 17. Bd3 Nc5 18. Bxc5 dxc5 19. Qc2 Re8 20. Bf1 Bc8 21. dxc6 {Droht stark cxb5.} b4 $1 22. a3 a5 23. axb4 axb4 24. Bd3 Bf8 25. Nf1 {[%cal Bd2f1,Bf1e3,Be3d5][%mdl 32]} Qxc6 26. Ne3 Nd7 27. Nd5 $36 {[%mdl 2048] Weiss hat Initiative.} Bb7 28. Qb2 f6 29. Nd2 Ra8 30. Be2 Bd6 31. Bg4 Nf8 32. h4 Ne6 33. Bxe6+ Rxe6 34. Rxa8+ Bxa8 35. h5 Bf8 36. Ra1 Qc8 37. Nf1 {[%cal Bd2f1,Bf1e3,Be3d5][%mdl 32]} Ra6 38. Nfe3 Kf7 39. Rxa6 Qxa6 40. Nc7 Qc6 41. Nxa8 Qxa8 42. Qb1 g6 43. Nd5 Bh6 44. Qd1 Qa7 $2 {[#]} (44... Qa6 $16) 45. g3 $2 (45. Qg4 $18 {ist viel giftiger.}) 45... Kg7 $2 (45... Qa6 $16) 46. Kg2 f5 47. Qc2 (47. exf5 $18 {und Weiss behält klar die Oberhand.} gxf5 48. Qb1) 47... Qf7 $16 48. Qb2 Qe6 49. Qa1 (49. exf5 $16 gxf5 50. Qa2) 49... Bg5 $2 {[%mdl 8192] [#]} (49... fxe4 $11 {und Schwarz ist OK.} 50. Qa5 Qf5) 50. Qa7+ $18 Kh6 51. hxg6 hxg6 $2 (51... Kxg6 {kämpft weiter.} 52. exf5+ Qxf5 53. Qb6+ (53. Qxc5 e4 $18) 53... Kg7 54. Qxc5 e4 55. Qd4+ (55. Qxb4 Qf3+ 56. Kh3 Qh5+ 57. Kg2 Qf3+ 58. Kg1 Qd1+ 59. Kh2 Qh5+ 60. Kg1 Qd1+ 61. Kh2 Qh5+ 62. Kg1 Qd1+ $11) 55... Kf7) 52. Qxc5 fxe4 53. Qxb4 Qf5 {beabsichtigt ...Df3+.} 54. Qc3 e3 (54... Kg7 {war angesagt.} 55. b4 Kf7) 55. Nxe3 {Weiß steht klar auf Gewinn.} Qe4+ 56. Kg1 Qb1+ 57. Kh2 Qa2 58. Ng4+ {Precision: Weiß = 56%, Schwarz = 40%.} 1-0

[Event "86th UKR-ch Men 2017"]
[Site "Zhytomyr"]
[Date "2017.12.07"]
[Round "2"]
[White "Frolov, Artur"]
[Black "Shevchenko, Kirill"]
[Result "1/2-1/2"]
[WhiteElo "2416"]
[BlackElo "2547"]
[Annotator "TA"]
[PlyCount "112"]
[EventDate "2017.??.??"]
[EventType "tourn"]
[EventCountry "UKR"]
[SourceTitle "playchess.com"]
[Source "ChessBase"]
[SourceQuality "1"]

{[%evp 22,112,12,14,18,14,35,0,42,43,68,45,60,40,48,47,107,28,66,30,54,49,41,34,54,25,27,30,17,9,18,0,41,6,4,-12,0,-56,-56,-56,-49,-78,-71,-67,-73,-70,0,-43,0,0,0,0,0,0,0,0,0,0,0,-8,-8,-8,-8,-8,-8,-8,-8,-8,0,0,0,-8,-8,-8,-8,-8,0,-8,-8,-8,-8,-8,0,0,0,0,0,-8,-8,-8,-8,-8,-8]} 1. e4 c5 2. Nf3 d6 3. d4 cxd4 4. Nxd4 Nf6 5. Nc3 a6 6. Be3 e5 7. Nb3 Be6 8. f3 h5 9. Nd5 {B90: Sicilian Najdorf: Unusual White 6th moves, 6 Be3 Ng4 and 6 Be3 e5} Bxd5 10. exd5 g6 11. c4 (11. Qd2 Nbd7 12. Be2 Qc7 13. c4 a5 14. Rc1 a4 15. Na1 Qa5 16. Nc2 Qxd2+ 17. Kxd2 {½-½ (60) Topalov,V (2749)-Nakamura,H (2780) Saint Louis 2017}) 11... Nbd7 12. Bd3 {LiveBook: 4 Games} Bg7 13. O-O O-O 14. Kh1 Re8 15. Nd2 {[#]} b5 $146 ({Predecessor:} 15... Rc8 16. Ne4 Bf8 {½-½ (50) Movsesian,S (2627)-Stocek,J (2530) Plzen 2001}) 16. Ne4 Qb8 17. b3 Rc8 18. Rc1 Nb6 ({Black should play} 18... bxc4 $14 19. Bxc4 Nb6) 19. Qe1 (19. Nxf6+ $16 Bxf6 20. g4) 19... bxc4 20. bxc4 {[#] Threatens to win with Rb1.} Nbd7 21. Qf2 Qc7 22. g4 Nxe4 $1 23. fxe4 Nf6 24. gxh5 Nxh5 25. c5 dxc5 $1 26. Rxc5 Qb7 27. Rxc8+ (27. Rc6 $5) 27... Rxc8 28. Qe2 Qb4 29. Rc1 (29. Qf2 $11 Qe7 30. Bxa6) 29... Rxc1+ $15 30. Bxc1 Bf8 31. Kg2 ({Much worse is} 31. Bxa6 Qb1 $17) 31... Bc5 32. Kf3 ({Don't play} 32. Bxa6 Qd4 $15) 32... a5 33. Bg5 Kf8 (33... Bb6 $15) 34. Qd2 Qd4 (34... Qa3 {looks sharper.} 35. Qc2 Bb6 36. Bh6+ Kg8 37. Ke2 Kh7) 35. Be3 {The position is equal.} Qxe3+ 36. Qxe3 Bxe3 37. Kxe3 $11 {[%mdl 4096] Endgame KB-KN} Ke7 38. Bb5 f5 39. Bd3 fxe4 40. Bxe4 g5 {[%cal Bg6g5,Bg5g4][%mdl 32]} 41. Kd3 Nf6 42. Bf3 Kd6 43. Kc4 e4 44. Bg2 Ke5 45. d6 $1 g4 46. a4 Nd7 47. Bf1 Kxd6 {Hoping for ...Ne5+.} 48. Kd4 Nb6 49. Be2 Nxa4 50. Bxg4 Nc5 51. Bd1 Nd3 52. Bc2 Nb4 53. Bxe4 a4 54. Bb1 a3 55. Kc3 a2 56. Bxa2 Nxa2+ {Precision: White = 46%, Black = 58%.} 1/2-1/2